000 01151nam a2200289Ia 4500
001 ebr10634149
003 CaPaEBR
006 m u
007 cr cn|||||||||
008 120515r20122011enk sb 000 0 eng d
020 _z9780227680070
020 _z9780227900710 (ebook)
040 _aCaPaEBR
_cCaPaEBR
035 _a(OCoLC)847592115
050 1 4 _aBS1199.W76
_bH45 2012eb
100 1 _aHeil, John Paul.
245 1 4 _aThe letters of Paul as rituals of worship
_h[electronic resource] /
_cJohn Paul Heil.
260 _aCambridge, U.K. :
_bJames Clarke,
_c2012, c2011.
300 _aviii, 192 p.
504 _aIncludes bibliographical references.
533 _aElectronic reproduction.
_bPalo Alto, Calif. :
_cebrary,
_d2013.
_nAvailable via World Wide Web.
_nAccess may be limited to ebrary affiliated libraries.
630 0 0 _aBible.
_pN.T.
_pEpistles of Paul
_xCriticism, interpretation, etc.
650 0 _aWorship in the Bible.
655 7 _aElectronic books.
_2local
710 2 _aebrary, Inc.
856 4 0 _uhttp://site.ebrary.com/lib/rucke/Doc?id=10634149
_zAn electronic book accessible through the World Wide Web; click to view
999 _c47365
_d47365